Match Sheet : Argentina 3-3 France - Statistics

General Stats
  • This quiz has been taken 60 times
  • The average score is 18 of 22
Answers on the Map
Answers color-coded by a green-red scale on the quiz's map according to % correct below.
 
Answer Stats
Answer % Correct
Kylian Mbappé
100%
Olivier Giroud
100%
Ángel Di María
98%
Lionel Messi
98%
Hugo Lloris
96%
Emiliano Martínez
94%
Antoine Griezmann
90%
Théo Hernandez
90%
Raphaël Varane
84%
Ousmane Dembélé
82%
Aurélien Tchouaméni
80%
Julián Álvarez
80%
Nicolás Otamendi
80%
Dayot Upamecano
78%
Adrien Rabiot
75%
Enzo Fernández
75%
Alexis MacAllister
71%
Rodrigo De Paul
67%
Cristian Romero
65%
Nahuel Molina
65%
Nicolás Tagliafico
59%
Jules Koundé
51%
No matching quizzes found
Score Distribution
Percent of People with Each Score
Percentile by Number Answered
Your Score History
You have not taken this quiz